Online
Catalog

Las florecillas de San Francisco ; (Record no. 19571)

MARC details
000 -CABECERA
campo de control de longitud fija 01326nam a2200385 i 4500
001 - NÚMERO DE CONTROL
campo de control 000020063
003 - IDENTIFICADOR DEL NÚMERO DE CONTROL
campo de control DO-SdBNP
005 - FECHA Y HORA DE LA ÚLTIMA TRANSACCIÓN
campo de control 20240621145639.0
006 - CÓDIGOS DE INFORMACIÓN DE LONGITUD FIJA--CARACTERÍSTICAS DEL MATERIAL ADICIONAL
campo de control de longitud fija a||||gr|||| 00| 0
007 - CAMPO FIJO DE DESCRIPCIÓN FÍSICA--INFORMACIÓN GENERAL
campo de control de longitud fija ta
008 - DATOS DE LONGITUD FIJA--INFORMACIÓN GENERAL
campo de control de longitud fija 100719s1968 sp 001 p spa d
040 ## - FUENTE DE LA CATALOGACIÓN
Centro catalogador/agencia de origen DO-SdBNP
Lengua de catalogación spa
Centro/agencia transcriptor BNPHU
Normas de descripción rda
082 #4 - NÚMERO DE LA CLASIFICACIÓN DECIMAL DEWEY
Número de clasificación 851.1
Número de documento/Ítem F632, 1968
Número de edición 22
245 04 - MENCIÓN DE TÍTULO
Título Las florecillas de San Francisco ;
Resto del título El cántico del sol /
Mención de responsabilidad, etc. compilación de Francisco Sureda Blanes.
246 03 - FORMA VARIANTE DE TÍTULO
Título propio/Titulo breve Francisco Sureda Blanes.
250 ## - MENCIÓN DE EDICIÓN
Mención de edición 4a. edición
264 ## - PRODUCCIÓN, PUBLICACIÓN, DISTRIBUCIÓN, FABRICACIÓN Y COPYRIGHT
Producción, publicación, distribución, fabricación y copyright Madrid :
Nombre del de productor, editor, distribuidor, fabricante Espesa-Calpe,
Fecha de producción, publicación, distribución, fabricación o copyright 1968
300 ## - DESCRIPCIÓN FÍSICA
Extensión 228 páginas ;
Dimensiones 18 cm.
336 ## - TIPO DE CONTENIDO
Fuente rdacontent
Término de tipo de contenido texto
Código de tipo de contenido txt
337 ## - TIPO DE MEDIO
Fuente rdamedia
Nombre/término del tipo de medio sin mediación
Código del tipo de medio n
338 ## - TIPO DE SOPORTE
Fuente rdacarrier
Nombre/término del tipo de soporte volumen
Código del tipo de soporte nc
490 1# - MENCIÓN DE SERIE
Mención de serie Austral ;
Designación de volumen o secuencia 468
500 ## - NOTA GENERAL
Nota general Incluye índice de autores.
501 ## - NOTA DE "CON"
Nota de “Con” Encuadernado con "Las florecillas de San Francisco".
563 ## - NOTA DE ENCUADERNACIÓN
Nota de encuadernación Dos obras publicadas juntas con paginación continua.
590 ## - NOTA LOCAL (RLIN)
Nota local Inventariado 2024 / MF
600 14 - PUNTO DE ACCESO ADICIONAL DE MATERIA--NOMBRE DE PERSONA
Nombre de persona Francisco,
Títulos y otros términos asociados al nombre De Asís,
Fechas asociadas al nombre 1182-1226
9 (RLIN) 42628
650 #4 - PUNTO DE ACCESO ADICIONAL DE MATERIA--TÉRMINO DE MATERIA
Término de materia o nombre geográfico como elemento de entrada Poesía italiana
9 (RLIN) 4554
650 #4 - PUNTO DE ACCESO ADICIONAL DE MATERIA--TÉRMINO DE MATERIA
Término de materia o nombre geográfico como elemento de entrada Literatura italiana
9 (RLIN) 3329
650 #4 - PUNTO DE ACCESO ADICIONAL DE MATERIA--TÉRMINO DE MATERIA
Término de materia o nombre geográfico como elemento de entrada Santos
Subdivisión de forma Biografías
9 (RLIN) 36514
700 1# - PUNTO DE ACCESO ADICIONAL--NOMBRE DE PERSONA
Nombre de persona Sureda, Francisco,
Término indicativo de función/relación compilador
Título de la obra El cántico del sol
9 (RLIN) 85727
700 1# - PUNTO DE ACCESO ADICIONAL--NOMBRE DE PERSONA
Nombre de persona Sureda, Francisco,
Término indicativo de función/relación compilador
9 (RLIN) 42629
740 3# - PUNTO DE ACCESO ADICIONAL--TÍTULO RELACIONADO O ANALÍTICO NO CONTROLADO
Título relacionado o analítico no controlado El cántico del sol
942 ## - ELEMENTOS DE PUNTO DE ACCESO ADICIONAL (KOHA)
Fuente del sistema de clasificación o colocación Dewey Decimal Classification
Tipo de ítem Koha Libro
Holdings
Estado de retiro Estado de pérdida Fuente del sistema de clasificación o colocación Restricciones de uso No para préstamo Código de colección Localización permanente Ubicación/localización actual Ubicación en estantería Fecha de adquisición Total de préstamos Signatura topográfica completa Código de barras Fecha visto por última vez Precio válido a partir de Tipo de ítem Koha
    Dewey Decimal Classification Préstamo en sala   General Biblioteca Nacional Pedro Henríquez Ureña Biblioteca Nacional Pedro Henríquez Ureña En catalogación 19.07.2010   851.1 F632, 1968 20063-10 25.06.2020 25.06.2020 Libro

Powered by Koha